Doctor Who Character Departures & Entrances - Statistics

General Stats
  • This quiz has been taken 28 times
    18 since last reset
  • The average score is 56 of 97
Answer Stats
Who When Answer % Correct
Donna rejoins 2008 Partners in Crime
100%
9th Doctor joins; Rose joins 2005 Rose
100%
Sarah Jane returns; Mickey joins 2006 School Reunion
100%
Martha joins 2007 Smith and Jones
100%
11th Doctor joins; Amy joins 2010 The Eleventh Hour
100%
Jack joins 2005 The Empty Child/The Doctor Dances
100%
10th Doctor leaves 2009-2010 The End of Time
100%
Rory rejoins 2010 The Pandorica Opens/The Big Bang
100%
Donna joins & leaves 2006 The Runaway Bride
100%
Martha leaves; Jack leaves 2007 The Sound of Drums/The Last of the Timelords
100%
Rose returns; Martha returns; Jack returns; Sarah Jane returns; Mickey returns; Donna leaves 2008 The Stolen Earth/Journey's End
100%
Jack rejoins 2007 Utopia
100%
Mickey returns; Rose leaves 2006 Army of Ghosts/Doomsday
93%
9th Doctor leaves; Jack leaves 2005 Bad Wolf/The Parting of the Ways
93%
10th Doctor joins 2005 The Christmas Invasion
93%
Martha leaves 2008 The Doctor's Daughter
93%
Rose returns 2008 Turn Left
93%
7th Doctor leaves; 8th Doctor joins; Grace joins & leaves; Chang Lee joins & leaves 1996 Doctor Who: The Television Movie
86%
Amy leaves; Rory leaves 2012 The Angels Take Manhattan
86%
10th Doctor returns; Rose returns; War Doctor joins & leaves 2013 The Day of the Doctor
86%
Rory leaves 2010 The Hungry Earth/Cold Blood
86%
8th Doctor leaves 2013 (mini-episode) The Night of the Doctor
86%
Bill joins 2017 The Pilot
86%
Martha rejoins 2008 The Sontaran Stratagem/The Poison Sky
86%
Amy rejoins & leaves; Rory rejoins & leaves 2011 The Wedding of River Song
86%
1st Doctor joins; Susan joins; Ian joins; Barbra joins 1963 An Unearthly Child
79%
Amy rejoins; Rory rejoins 2012 Asylum of the Daleks
79%
12th Doctor joins 2014 Deep Breath
79%
Clara leaves 2015 Face the Raven
79%
Clara rejoins & leaves 2015 Hell Bent
79%
Mickey leaves 2006 Rise of the Cybermen/The Age of Steel
79%
Nardole joins 2015 The Husbands of River Song
79%
Clara joins & leaves 2012 The Snowmen
79%
1st Doctor leaves 1966 The Tenth Planet
79%
3rd Doctor joins; Liz joins 1970 Spearhead from Space
71%
Clara rejoins 2013 The Bells of Saint John
71%
1st Doctor returns; Susan returns; 2nd Doctor returns; 3rd Doctor returns; Sarah Jane returns 1983 The Five Doctors
71%
1st Doctor returns; 2nd Doctor returns 1972-1973 The Three Doctors
71%
11th Doctor leaves 2013 The Time of the Doctor
71%
2nd Doctor leaves; Jamie leaves; Zoe leaves 1969 The War Games
71%
Rory joins 2010 Vampires of Venice
71%
Tegan joins; 4th Doctor leaves 1981 Logopolis
64%
4th Doctor joins; Harry joins 1974-1975 Robot
64%
5th Doctor leaves 1984 The Caves of Androzani
64%
1st Doctor returns; Bill returns; 12th Doctor leaves 2017 Twice Upon a TIme
64%
5th Doctor joins 1982 Castrovalva
57%
Jack returns; Graham leaves; Ryan leaves 2021 Revolution of the Daleks
57%
Ace leaves 1989 Survival
57%
2nd Doctor returns; Jamie returns 1985 The Two Doctors
57%
13th Doctor joins; Graham joins; Yasmin joins; Ryan joins 2018 The Woman Who Fell to Earth
57%
6th Doctor leaves; 7th Doctor joins 1987 Time and the Rani
57%
Bill leaves; Nardole leaves; Missy leaves 2017 World Enough and Time/The Doctor Falls
57%
3rd Doctor leaves 1974 Planet of the Spiders
50%
Ace returns; Tegan returns; Graham returns; Dan leaves; Yasmin leaves; 13th Doctor leaves 2022 Power of the Doctor
50%
Susan leaves 1964 The Dalek Invasion of Earth
50%
Amy leaves; Rory leaves 2011 The God Complex
50%
Adric leaves 1982 Earthshock
43%
Ian leaves; Barbra leaves; Steven joins 1965 The Chase
43%
Katarina leaves; Sara Kingdom joins & leaves 1965-1966 The Daleks' Master Plan
43%
Jamie joins 1966-1967 The Highlanders
43%
2nd Doctor joins 1966 The Power of the Daleks
43%
6th Doctor joins 1984 The Twin Dilemma
43%
Dodo leaves; Ben joins; Polly joins 1966 The War Machines
43%
Mel leaves; Ace joins 1987 Dragonfire
36%
Adric joins 1980 Full Circle
36%
Liz leaves 1970 Inferno
36%
Victoria joins 1967 The Evil of the Daleks
36%
Jo leaves 1973 The Green Death
36%
Nyssa joins 1981 The Keeper of Traken
36%
Vicki joins 1965 The Rescue
36%
Victoria leaves 1968 Fury from the Deep
29%
Turlough leaves; Kamelion leaves; Peri joins 1984 Planet of Fire
29%
Nyssa leaves 1983 Terminus
29%
Jo joins 1971 Terror of the Autons
29%
Dodo joins 1966 The Ark
29%
Ben leaves; Polly leaves 1967 The Faceless Ones
29%
Sarah Jane leaves 1976 The Hand of Fear
29%
K-9 Mark I joins 1977 The Invisible Enemy
29%
Vicki leaves; Katarina joins 1965 The Myth Makers
29%
Steven leaves 1966 The Savages
29%
Zoe joins 1968 The Wheel in Space
29%
Romana II leaves; K-9 Mark II leaves 1981 Warriors' Gate
29%
Romana II joins 1979 Destiny of the Daleks
21%
Missy joins 2017 Empress of Mars
21%
Dan joins 2021 Flux: The Halloween Apocalypse
21%
Turlough joins 1983 Mawdryn Undead
21%
Tegan leaves 1984 Resurrection of the Daleks
21%
Harry leaves 1975 Terror of the Zygons
21%
Harry returns 1975 The Android Invasion
21%
Romana I leaves 1979 The Armageddon Factor
21%
Leela joins 1977 The Face of Evil
21%
Leela leaves; K-9 Mark I leaves 1978 The Invasion of Time
21%
Kamelion joins 1983 The King's Demons
21%
Romana I joins; K-9 Mark II joins 1978 The Ribos Operation
21%
Sarah Jane joins 1973-1974 The Time Warrior
21%
Peri leaves 1986 The Trial of a Timelord: Mindwarp
21%
Mel joins 1986 The Trial of a Timelord: Terror of the Vervoids
21%
No matching quizzes found
Score Distribution
Percent of People with Each Score
Percentile by Number Answered
Your Score History
You have not taken this quiz since the last reset